Quiz Map Valorant niveau Facile en images - Statistiques

Statistiques générales
  • Ce quiz a été pris 61 fois
  • Le résultat moyen est 11 sur 17
Statistiques - réponses
Par images Réponse % Correct
ICEBOX
96%
HAVEN
94%
LOTUS
94%
FRACTURE
90%
CORRODE
88%
PEARL
88%
SPLIT
88%
ASCENT
84%
BREEZE
84%
BIND
80%
SUNSET
67%
Entrainement
43%
PIAZZA
39%
DRIFT
31%
KASBAH
31%
DISTRICT
22%
GLITCH
22%
Aucun quiz correspondant
Distribution des résultats
% des personnes avec chaque résultat
Percentile par nombre de réponses
Votre historique - résultats
Vous n’avez pas pris ce quiz